| 000 | 00742nam a2200229Ia 4500 | ||
|---|---|---|---|
| 001 | 9410 | ||
| 003 | GE_BSU | ||
| 008 | 181216s||||||||xx |||||||||||||| ||und|| | ||
| 040 | _cGE_BSU | ||
| 080 | _a821.353.1–32 | ||
| 100 | _aმიშველაძე,რევაზ | ||
| 245 | _aსიზმარს აყოლილნი | ||
| 245 | _bნოველები | ||
| 245 | _cრედ.ნ.ხომერიკი,მხატვ.ჯ.ზეინაშვილი | ||
| 260 | _aთბილისი | ||
| 260 | _bმერანი | ||
| 260 | _c1988 | ||
| 300 | _a349გვ.1ფ.პორტრ.20სმ. | ||
| 653 | _aნოველები | ||
| 653 | _aსიზმარს აყოლილნი | ||
| 942 | _cBK | ||
| 999 |
_c42704 _d42704 |
||